[Event "GBR-ch105 Seniors 50"]
[Site "Hull"]
[Date "2018.07.29"]
[Round "1"]
[White "Dilleigh, Stephen P"]
[Black "Clancy, Martin J"]
[Result "1-0"]
[WhiteElo "2016"]
[BlackElo "1810"]
[PlyCount "81"]
[EventDate "2018.07.29"]
[EventType "swiss"]
[EventRounds "7"]
[EventCountry "GBR"]
[SourceTitle "CBM 185 Extra"]
[Source "ChessBase"]
[SourceDate "2018.06.29"]
[SourceVersion "1"]
[SourceVersionDate "2018.06.29"]
[SourceQuality "1"]

1. Nf3 g6 2. c4 Bg7 3. d4 Nf6 4. Nc3 d6 5. e4 O-O 6. Be2 e5 7. Be3 Nc6 8. d5
Ne7 9. Nd2 Ne8 10. c5 f5 11. f3 Kh8 12. Nc4 f4 13. Bf2 a6 14. a4 Ng8 15. b4 g5
16. cxd6 Nxd6 17. Nxd6 Qxd6 18. Bc5 Qg6 19. Bxf8 Bxf8 20. Qb3 a5 21. bxa5 Bc5
22. O-O-O Rxa5 23. g4 fxg3 24. hxg3 Qd6 25. Rh5 Bd4 26. Nb5 Qc5+ 27. Kb1 Be3
28. Qb2 Qe7 29. d6 cxd6 30. Qb4 Qf7 31. Rdh1 Nf6 32. Rh6 Bc5 33. Rxf6 Qxf6 34.
Qxa5 Qe6 35. Qc3 Bd7 36. Qc4 Qe8 37. Qb3 g4 38. f4 exf4 39. Qc3+ Kg8 40. Bc4+
Be6 41. Nc7 1-0

[Event "GBR-ch105 Seniors 50"]
[Site "Hull"]
[Date "2018.07.29"]
[Round "1"]
[White "Gibbs, Dominic V"]
[Black "Lewis, Andrew P"]
[Result "0-1"]
[WhiteElo "1948"]
[BlackElo "2298"]
[PlyCount "104"]
[EventDate "2018.07.29"]
[EventType "swiss"]
[EventRounds "7"]
[EventCountry "GBR"]
[SourceTitle "CBM 185 Extra"]
[Source "ChessBase"]
[SourceDate "2018.06.29"]
[SourceVersion "1"]
[SourceVersionDate "2018.06.29"]
[SourceQuality "1"]

1. e4 c5 2. c3 Nf6 3. e5 Nd5 4. Nf3 Nc6 5. d4 cxd4 6. cxd4 d6 7. Bc4 e6 8. O-O
Be7 9. Re1 O-O 10. a3 Bd7 11. Bd2 Rc8 12. Ba2 dxe5 13. dxe5 Qb6 14. Nc3 Nxc3
15. Bxc3 Rfd8 16. Qe2 Be8 17. Rad1 h6 18. h4 Bc5 19. Bb1 Ne7 20. Rxd8 Qxd8 21.
Qe4 g6 22. Bd2 Bc6 23. Qf4 Bxf3 24. gxf3 h5 25. Be3 Nd5 26. Qe4 Nxe3 27. fxe3
Qd2 28. Kf1 Qxb2 29. a4 Be7 30. Qd4 Qxd4 31. exd4 Bxh4 32. Rd1 Rc4 33. Be4 Rxa4
34. Bxb7 Bd8 35. d5 exd5 36. Bxd5 Bb6 37. e6 fxe6 38. Bxe6+ Kg7 39. Bd5 Rd4 40.
Rxd4 Bxd4 41. Kg2 a5 42. Bc6 g5 43. Be8 Kh6 44. Kh3 Be3 45. Kg2 Bf4 46. Kf2 h4
47. Bd7 Kg7 48. Ke2 Kf6 49. Kd3 Ke5 50. Kc4 Bd2 51. Kd3 Bb4 52. Ke3 Bc5+ 0-1

[Event "GBR-ch105 Seniors 50"]
[Site "Hull"]
[Date "2018.07.29"]
[Round "1"]
[White "Gostelow, David W"]
[Black "Townsend, M Paul"]
[Result "0-1"]
[WhiteElo "1918"]
[BlackElo "2219"]
[PlyCount "68"]
[EventDate "2018.07.29"]
[EventType "swiss"]
[EventRounds "7"]
[EventCountry "GBR"]
[SourceTitle "CBM 185 Extra"]
[Source "ChessBase"]
[SourceDate "2018.06.29"]
[SourceVersion "1"]
[SourceVersionDate "2018.06.29"]
[SourceQuality "1"]

1. d4 d5 2. Bf4 Nf6 3. e3 c5 4. c3 Nc6 5. Nd2 Bf5 6. Ngf3 e6 7. Bb5 Qb6 8. Qa4
Rc8 9. O-O a6 10. Bxc6+ Qxc6 11. Qd1 Bd6 12. Ne5 Qc7 13. Qa4+ Ke7 14. Qd1 h6
15. Re1 Rhd8 16. h3 Kf8 17. Qe2 Kg8 18. Rac1 b5 19. Ra1 c4 20. Bg3 a5 21. Rac1
b4 22. f3 bxc3 23. Rxc3 Qb7 24. e4 Qxb2 25. Qe3 Bb4 26. Rec1 Bxc3 27. Rxc3 dxe4
28. fxe4 Nxe4 29. Nxe4 Bxe4 30. Bf2 f5 31. Nxc4 Qxa2 32. Nd2 Qa1+ 33. Kh2 Qxc3
34. Qf4 Qc7 0-1

[Event "GBR-ch105 Seniors 50"]
[Site "Hull"]
[Date "2018.07.29"]
[Round "1"]
[White "Kennedy, Craig"]
[Black "Brooks, Phil J"]
[Result "0-1"]
[WhiteElo "1906"]
[BlackElo "2187"]
[PlyCount "94"]
[EventDate "2018.07.29"]
[EventType "swiss"]
[EventRounds "7"]
[EventCountry "GBR"]
[SourceTitle "CBM 185 Extra"]
[Source "ChessBase"]
[SourceDate "2018.06.29"]
[SourceVersion "1"]
[SourceVersionDate "2018.06.29"]
[SourceQuality "1"]

1. e4 e6 2. Nf3 d5 3. e5 c5 4. b4 c4 5. c3 a5 6. b5 Nd7 7. d3 cxd3 8. Bxd3 Ne7
9. O-O Ng6 10. Re1 b6 11. c4 Bb7 12. Qe2 Bb4 13. Rd1 Qc7 14. a3 Be7 15. cxd5
Bxd5 16. Bxg6 hxg6 17. Bf4 O-O 18. Bg3 Qb7 19. Nbd2 Rac8 20. Nf1 Bc4 21. Qb2
Nc5 22. Ne3 Na4 23. Qd4 Bxb5 24. Qg4 Nc3 25. Re1 Rfd8 26. h4 Qe4 27. Qh3 Qd3
28. h5 gxh5 29. Qxh5 Qh7 30. Qxh7+ Kxh7 31. Bh4 Bxh4 32. Nxh4 Bd3 33. g3 b5 34.
f4 g6 35. Ng4 Bc4 36. Nf6+ Kg7 37. Nf3 Rd3 38. Kf2 Nd5 39. Ne4 Rb3 40. Nd4 Rb2+
41. Kf3 Bd3 42. Rac1 Rc4 43. Rxc4 Bxe4+ 44. Kxe4 bxc4 45. Rc1 c3 46. g4 Rg2 47.
g5 Rf2 0-1

[Event "GBR-ch105 Seniors 50"]
[Site "Hull"]
[Date "2018.07.29"]
[Round "1"]
[White "Matthews, Chris J"]
[Black "Freeman, Richard"]
[Result "0-1"]
[WhiteElo "1772"]
[BlackElo "2012"]
[PlyCount "40"]
[EventDate "2018.07.29"]
[EventType "swiss"]
[EventRounds "7"]
[EventCountry "GBR"]
[SourceTitle "CBM 185 Extra"]
[Source "ChessBase"]
[SourceDate "2018.06.29"]
[SourceVersion "1"]
[SourceVersionDate "2018.06.29"]
[SourceQuality "1"]

1. d4 g6 2. Nf3 Bg7 3. c3 d6 4. e4 Nf6 5. Bd3 O-O 6. O-O Nc6 7. Bg5 h6 8. Bf4
Nh5 9. Be3 e5 10. d5 Ne7 11. Qd2 Kh7 12. h3 f5 13. exf5 gxf5 14. Nh4 e4 15. g4
Nxd5 16. Nxf5 Bxf5 17. gxf5 Qh4 18. Bc4 Be5 19. Rc1 Qxh3 20. Bxh6 Rg8+ 0-1

[Event "GBR-ch105 Seniors 50"]
[Site "Hull"]
[Date "2018.07.29"]
[Round "1"]
[White "Nelson, Jonathan P"]
[Black "Dean, Robert A"]
[Result "1-0"]
[WhiteElo "2178"]
[BlackElo "1844"]
[PlyCount "68"]
[EventDate "2018.07.29"]
[EventType "swiss"]
[EventRounds "7"]
[EventCountry "GBR"]
[SourceTitle "CBM 185 Extra"]
[Source "ChessBase"]
[SourceDate "2018.06.29"]
[SourceVersion "1"]
[SourceVersionDate "2018.06.29"]
[SourceQuality "1"]

1. d4 d5 2. c4 c6 3. cxd5 cxd5 4. Nc3 Nc6 5. e4 dxe4 6. d5 Ne5 7. Qa4+ Bd7 8.
Qxe4 Ng4 9. Bc4 N8f6 10. Qe2 Rc8 11. Nf3 a6 12. O-O Nh6 13. Bg5 Nf5 14. Bd3 h6
15. Bxf6 gxf6 16. Ne4 Qb6 17. d6 Bg7 18. dxe7 Be6 19. Rad1 Kxe7 20. Nc3 Kf8 21.
Rfe1 Nd6 22. Bb1 Nc4 23. b3 Ne5 24. Na4 Nxf3+ 25. Qxf3 Qc6 26. Be4 Qc7 27. Bxb7
Rb8 28. Bxa6 h5 29. Rc1 Qa5 30. Nc5 Bg4 31. Qg3 Rd8 32. Nb7 Qxa6 33. Nxd8 Bh6
34. Qc7 Be6 1-0

[Event "GBR-ch105 Seniors 50"]
[Site "Hull"]
[Date "2018.07.29"]
[Round "1"]
[White "Robson, Paul E"]
[Black "Mason, Donald"]
[Result "0-1"]
[WhiteElo "1842"]
[BlackElo "2133"]
[PlyCount "50"]
[EventDate "2018.07.29"]
[EventType "swiss"]
[EventRounds "7"]
[EventCountry "GBR"]
[SourceTitle "CBM 185 Extra"]
[Source "ChessBase"]
[SourceDate "2018.06.29"]
[SourceVersion "1"]
[SourceVersionDate "2018.06.29"]
[SourceQuality "1"]

1. e4 e6 2. d4 d5 3. Nd2 Nf6 4. e5 Nfd7 5. Bd3 c5 6. c3 Nc6 7. Ngf3 g5 8. h3
Be7 9. a3 a5 10. Bb5 Qb6 11. Qe2 h6 12. c4 Nxd4 13. Nxd4 cxd4 14. cxd5 exd5 15.
O-O Kf8 16. Kh1 Nc5 17. f4 Qg6 18. Qf2 gxf4 19. Qxd4 Rg8 20. Qxd5 Be6 21. Qf3
Rd8 22. Bc4 Bxc4 23. Nxc4 Rd3 24. Qg4 Qe4 25. Qc8+ Rd8 0-1

[Event "GBR-ch105 Seniors 50"]
[Site "Hull"]
[Date "2018.07.29"]
[Round "1"]
[White "Simons, Martin J"]
[Black "Robinson, James M"]
[Result "1/2-1/2"]
[WhiteElo "2008"]
[BlackElo "1745"]
[PlyCount "68"]
[EventDate "2018.07.29"]
[EventType "swiss"]
[EventRounds "7"]
[EventCountry "GBR"]
[SourceTitle "CBM 185 Extra"]
[Source "ChessBase"]
[SourceDate "2018.06.29"]
[SourceVersion "1"]
[SourceVersionDate "2018.06.29"]
[SourceQuality "1"]

1. e4 d6 2. d4 g6 3. Nc3 Bg7 4. Be3 Nd7 5. Qd2 a6 6. a4 e6 7. f4 f5 8. Nf3 Ngf6
9. e5 Ng4 10. Bg1 d5 11. h3 Nh6 12. Bf2 Bf8 13. Bh4 Be7 14. Bxe7 Qxe7 15. Be2
c5 16. O-O O-O 17. a5 Nf7 18. Na4 cxd4 19. Qxd4 Nd8 20. Nb6 Nxb6 21. Qxb6 Nc6
22. c4 dxc4 23. Bxc4 Qb4 24. Qxb4 Nxb4 25. Ra4 Nc6 26. Rd1 Rd8 27. Rxd8+ Nxd8
28. Nd4 Bd7 29. Rb4 Rc8 30. Kf2 Kf7 31. Ke3 Rc5 32. Nb3 Rc7 33. Nd4 Rc5 34. Nb3
Rc7 1/2-1/2

[Event "GBR-ch105 Seniors 50"]
[Site "Hull"]
[Date "2018.07.29"]
[Round "1"]
[White "Smith, Murray"]
[Black "Spanton, Timothy R"]
[Result "1/2-1/2"]
[WhiteElo "2262"]
[BlackElo "1927"]
[PlyCount "84"]
[EventDate "2018.07.29"]
[EventType "swiss"]
[EventRounds "7"]
[EventCountry "GBR"]
[SourceTitle "CBM 185 Extra"]
[Source "ChessBase"]
[SourceDate "2018.06.29"]
[SourceVersion "1"]
[SourceVersionDate "2018.06.29"]
[SourceQuality "1"]

1. e4 c5 2. Nf3 g6 3. c3 Bg7 4. d4 cxd4 5. cxd4 d5 6. exd5 Nf6 7. Nc3 Nxd5 8.
Qb3 Nb6 9. Be3 O-O 10. Rd1 Be6 11. d5 Bxc3+ 12. bxc3 Bd7 13. Rd4 Na6 14. Bxa6
bxa6 15. O-O Rb8 16. Bf4 Rc8 17. c4 Na4 18. Rc1 Nc5 19. Qe3 Re8 20. Ne5 f6 21.
Nxd7 Qxd7 22. Rdd1 e5 23. dxe6 Qxe6 24. Rd6 Qf5 25. Qf3 g5 26. Be3 Qxf3 27.
gxf3 Kf7 28. Bxc5 Rxc5 29. Rxa6 Re7 30. Kg2 Kg6 31. Rc3 Rec7 32. Ra4 Kf5 33.
Rca3 h5 34. Rxa7 Rxa7 35. Rxa7 Rxc4 36. a3 h4 37. Rb7 Rc3 38. Rb5+ Kf4 39. Rb4+
Kf5 40. a4 Ra3 41. Re4 Ra1 42. Rd4 Ra3 1/2-1/2

[Event "GBR-ch105 Seniors 50"]
[Site "Hull"]
[Date "2018.07.29"]
[Round "1"]
[White "Stephenson, David W"]
[Black "Bolt, Graham"]
[Result "0-1"]
[WhiteElo "1817"]
[BlackElo "2016"]
[PlyCount "96"]
[EventDate "2018.07.29"]
[EventType "swiss"]
[EventRounds "7"]
[EventCountry "GBR"]
[SourceTitle "CBM 185 Extra"]
[Source "ChessBase"]
[SourceDate "2018.06.29"]
[SourceVersion "1"]
[SourceVersionDate "2018.06.29"]
[SourceQuality "1"]

1. e4 g6 2. d4 Bg7 3. Nc3 d6 4. Be2 a6 5. a4 b6 6. Be3 Bb7 7. Bf3 Nd7 8. Qd2 h6
9. h4 e6 10. Nge2 Ne7 11. g4 c5 12. Bg2 Qc7 13. f4 cxd4 14. Nxd4 e5 15. Ndb5
axb5 16. Nxb5 Qc6 17. Nxd6+ Kf8 18. O-O Kg8 19. Ra3 Ba6 20. Rf3 Nc8 21. Nxf7
Kxf7 22. Rc3 Qb7 23. b4 Kg8 24. b5 Bxb5 25. axb5 Kh7 26. f5 Nf6 27. fxg6+ Kxg6
28. Rc6 Ra1+ 29. Kf2 Kh7 30. Rfxf6 Bxf6 31. Rxf6 Qe7 32. g5 hxg5 33. Bxg5 Rf8
34. Rf3 Rxf3+ 35. Bxf3 Qc5+ 36. Be3 Qxb5 37. Be2 Qe8 38. Qc3 Ra7 39. Bg5 Nd6
40. Ke3 Nb5 41. Qe1 Nd4 42. Qb1 Ra3+ 43. Bd3 Qe6 44. Qf1 Nxc2+ 45. Kd2 Nd4 46.
Qf8 Ra2+ 47. Ke1 Ra1+ 48. Kf2 Qa2+ 0-1

[Event "GBR-ch105 Seniors 50"]
[Site "Hull"]
[Date "2018.07.29"]
[Round "1"]
[White "Towers, Nigel S"]
[Black "Waters, Clive L"]
[Result "1/2-1/2"]
[WhiteElo "1834"]
[BlackElo "2064"]
[PlyCount "79"]
[EventDate "2018.07.29"]
[EventType "swiss"]
[EventRounds "7"]
[EventCountry "GBR"]
[SourceTitle "CBM 185 Extra"]
[Source "ChessBase"]
[SourceDate "2018.06.29"]
[SourceVersion "1"]
[SourceVersionDate "2018.06.29"]
[SourceQuality "1"]

1. e4 e5 2. Nf3 Nc6 3. Bb5 a6 4. Ba4 Nf6 5. Qe2 b5 6. Bb3 Be7 7. c3 O-O 8. O-O
d6 9. Rd1 Bg4 10. d3 Na5 11. Bc2 c5 12. Nbd2 Qc7 13. Nf1 Rfe8 14. Ng3 Bf8 15.
h3 Be6 16. Ng5 Bd7 17. Nh5 Be7 18. Nxf6+ Bxf6 19. Qh5 Bxg5 20. Bxg5 Be6 21. Qf3
Nc6 22. Qg3 Kh8 23. Be3 f6 24. a3 Qf7 25. f4 Bb3 26. Qf2 Bxc2 27. Qxc2 Rac8 28.
Rac1 Ne7 29. Rf1 exf4 30. Bxf4 d5 31. e5 fxe5 32. Bxe5 Qg6 33. d4 Qxc2 34. Rxc2
Ng6 35. Rcf2 Nxe5 36. dxe5 Kg8 37. Re2 d4 38. cxd4 cxd4 39. Rd1 Rcd8 40. Rd3
1/2-1/2

[Event "GBR-ch105 Seniors 50"]
[Site "Hull"]
[Date "2018.07.29"]
[Round "1"]
[White "Wager, John D"]
[Black "Connolly, Marcus PA"]
[Result "1-0"]
[WhiteElo "2045"]
[BlackElo "1830"]
[PlyCount "67"]
[EventDate "2018.07.29"]
[EventType "swiss"]
[EventRounds "7"]
[EventCountry "GBR"]
[SourceTitle "CBM 185 Extra"]
[Source "ChessBase"]
[SourceDate "2018.06.29"]
[SourceVersion "1"]
[SourceVersionDate "2018.06.29"]
[SourceQuality "1"]

1. d4 f5 2. Bg5 c5 3. e3 Qb6 4. Nf3 e6 5. Nbd2 d5 6. Be2 Be7 7. Bxe7 Kxe7 8.
O-O Nc6 9. c4 cxd4 10. cxd5 exd5 11. exd4 Nf6 12. Nb3 Bd7 13. Re1 Rhe8 14. Nc5
Qc7 15. Ba6+ Kf8 16. Bxb7 Rab8 17. Rxe8+ Rxe8 18. Rc1 Bc8 19. Bxc8 Qxc8 20. Ne5
Qa8 21. Na6 Nxe5 22. Nc7 Nf3+ 23. gxf3 Qd8 24. Nxe8 Qxe8 25. Qe1 Qg6+ 26. Kf1
Qf7 27. Rc8+ Ne8 28. Qb4+ Kg8 29. Qb8 Kf8 30. Qd6+ Kg8 31. Qe5 Kf8 32. Ke2 Qd7
33. Rb8 a5 34. Ke3 1-0

[Event "GBR-ch105 Seniors 50"]
[Site "Hull"]
[Date "2018.07.30"]
[Round "2"]
[White "Brooks, Phil J"]
[Black "Dilleigh, Stephen P"]
[Result "1-0"]
[WhiteElo "2187"]
[BlackElo "2016"]
[PlyCount "157"]
[EventDate "2018.07.29"]
[EventType "swiss"]
[EventRounds "7"]
[EventCountry "GBR"]
[SourceTitle "CBM 185 Extra"]
[Source "ChessBase"]
[SourceDate "2018.06.29"]
[SourceVersion "1"]
[SourceVersionDate "2018.06.29"]
[SourceQuality "1"]

1. d4 d5 2. c4 e6 3. Nc3 Nf6 4. cxd5 exd5 5. Bg5 c6 6. e3 Be7 7. Bd3 Nbd7 8.
Nf3 Ne4 9. Bxe4 Bxg5 10. Nxg5 Qxg5 11. Bf3 O-O 12. O-O Nf6 13. Re1 Bf5 14. Rc1
Rfe8 15. g3 Ne4 16. Bg2 Nd6 17. b3 h5 18. h4 Qg6 19. Ne2 Bg4 20. Qc2 Qxc2 21.
Rxc2 Bf5 22. Rcc1 g6 23. Nc3 Rad8 24. Na4 Re7 25. Nc5 Rde8 26. Red1 Kg7 27. Bf3
Bg4 28. Kg2 Bxf3+ 29. Kxf3 a5 30. Rc2 Ne4 31. Nxe4 Rxe4 32. a3 Ra8 33. Rb1 Re6
34. Rbb2 Ra6 35. b4 axb4 36. axb4 b5 37. Ra2 Rxa2 38. Rxa2 Rf6+ 39. Ke2 Re6 40.
Ra7 Kf6 41. Rc7 Kg7 42. Kf3 Rf6+ 43. Kg2 Re6 44. Rc8 f5 45. Rc7+ Kf6 46. Kf3 g5
47. hxg5+ Kxg5 48. Rc8 Rg6 49. Rd8 Re6 50. Kg2 Kg6 51. Kh3 Kg5 52. Rg8+ Kh6 53.
Kg2 Re7 54. Kf3 Re4 55. Rc8 Re6 56. Kf4 Kg6 57. Rg8+ Kf6 58. f3 Re7 59. Rf8+
Kg6 60. Rxf5 Rxe3 61. Rg5+ Kf6 62. Rxh5 Rc3 63. Rh6+ Ke7 64. g4 Rd3 65. g5
Rxd4+ 66. Ke5 Rxb4 67. Rxc6 Rb3 68. f4 Re3+ 69. Kxd5 b4 70. Rc7+ Kf8 71. Rb7 b3
72. f5 Rg3 73. g6 b2 74. Rxb2 Kg7 75. Rb7+ Kg8 76. Ke6 Ra3 77. f6 Ra6+ 78. Ke7
Ra8 79. Rd7 1-0

[Event "GBR-ch105 Seniors 50"]
[Site "Hull"]
[Date "2018.07.30"]
[Round "2"]
[White "Clancy, Martin J"]
[Black "Kennedy, Craig"]
[Result "0-1"]
[WhiteElo "1810"]
[BlackElo "1906"]
[PlyCount "44"]
[EventDate "2018.07.29"]
[EventType "swiss"]
[EventRounds "7"]
[EventCountry "GBR"]
[SourceTitle "CBM 185 Extra"]
[Source "ChessBase"]
[SourceDate "2018.06.29"]
[SourceVersion "1"]
[SourceVersionDate "2018.06.29"]
[SourceQuality "1"]

1. e4 d6 2. d4 Nf6 3. Nc3 e5 4. Nf3 exd4 5. Nxd4 Be7 6. Be2 O-O 7. Be3 Re8 8.
Qd2 a6 9. f3 c5 10. Nb3 b5 11. a4 b4 12. Nd5 Nxd5 13. Qxd5 Ra7 14. O-O-O Be6
15. Qh5 Qc7 16. Nd2 Qc6 17. b3 Nd7 18. g4 Nb6 19. a5 Na4 20. bxa4 Qxa4 21. Bd3
Qa3+ 22. Kb1 Ba2+ 0-1

[Event "GBR-ch105 Seniors 50"]
[Site "Hull"]
[Date "2018.07.30"]
[Round "2"]
[White "Connolly, Marcus PA"]
[Black "Gibbs, Dominic V"]
[Result "0-1"]
[WhiteElo "1830"]
[BlackElo "1948"]
[PlyCount "44"]
[EventDate "2018.07.29"]
[EventType "swiss"]
[EventRounds "7"]
[EventCountry "GBR"]
[SourceTitle "CBM 185 Extra"]
[Source "ChessBase"]
[SourceDate "2018.06.29"]
[SourceVersion "1"]
[SourceVersionDate "2018.06.29"]
[SourceQuality "1"]

1. f4 g6 2. e3 Bg7 3. Nf3 d6 4. Nc3 e5 5. Be2 Nh6 6. O-O Nc6 7. Bb5 Bd7 8. fxe5
dxe5 9. d3 a6 10. Bxc6 Bxc6 11. e4 O-O 12. Qe2 Qd6 13. h3 f6 14. Be3 Nf7 15. a3
Nd8 16. Bf2 Ne6 17. g3 Nd4 18. Nxd4 exd4 19. Nd1 f5 20. c3 fxe4 21. c4 exd3 22.
Qxd3 Rf3 0-1

[Event "GBR-ch105 Seniors 50"]
[Site "Hull"]
[Date "2018.07.30"]
[Round "2"]
[White "Dean, Robert A"]
[Black "Allison, Paul A"]
[Result "1-0"]
[WhiteElo "1844"]
[BlackElo "1615"]
[PlyCount "111"]
[EventDate "2018.07.29"]
[EventType "swiss"]
[EventRounds "7"]
[EventCountry "GBR"]
[SourceTitle "CBM 185 Extra"]
[Source "ChessBase"]
[SourceDate "2018.06.29"]
[SourceVersion "1"]
[SourceVersionDate "2018.06.29"]
[SourceQuality "1"]

1. e4 e5 2. Nf3 Nc6 3. Bb5 f5 4. Nc3 fxe4 5. Nxe4 d5 6. Ng3 Bg4 7. h3 Bd7 8. d3
Bd6 9. O-O Nf6 10. Re1 O-O 11. Bxc6 bxc6 12. Nxe5 Re8 13. Nxd7 Qxd7 14. Bg5 Rf8
15. Qd2 c5 16. Re2 h6 17. Bxf6 Rxf6 18. Rae1 Rg6 19. Qe3 Rf8 20. c4 c6 21. b3
Kh8 22. d4 cxd4 23. Qd3 Qf7 24. cxd5 cxd5 25. Nf1 Bb4 26. Rc1 Bc3 27. Rcc2 Rf6
28. Nh2 Re6 29. Rxe6 Qxe6 30. Re2 Qf6 31. Ng4 Qf4 32. Ne5 Qc1+ 33. Kh2 Kg8 34.
Ng6 Rd8 35. Ne7+ Kh8 36. Nc6 Rf8 37. Nxa7 Qf4+ 38. g3 Qf3 39. Qxf3 Rxf3 40.
Re8+ Kh7 41. Kg2 Rf6 42. Nb5 Rc6 43. Rd8 Rc5 44. a4 d3 45. Nxc3 Rxc3 46. Rxd5
Rxb3 47. Kf3 Ra3 48. a5 Kg6 49. Ke3 Kf6 50. h4 Ke6 51. Rb5 Kd6 52. Rb7 Rxa5 53.
Rxg7 Rd5 54. Rg6+ Ke7 55. Kd2 h5 56. Rg5 1-0

[Event "GBR-ch105 Seniors 50"]
[Site "Hull"]
[Date "2018.07.30"]
[Round "2"]
[White "Freeman, Richard"]
[Black "Chapman, Terry PD"]
[Result "1/2-1/2"]
[WhiteElo "2012"]
[BlackElo "2200"]
[PlyCount "63"]
[EventDate "2018.07.29"]
[EventType "swiss"]
[EventRounds "7"]
[EventCountry "GBR"]
[SourceTitle "CBM 185 Extra"]
[Source "ChessBase"]
[SourceDate "2018.06.29"]
[SourceVersion "1"]
[SourceVersionDate "2018.06.29"]
[SourceQuality "1"]

1. e4 d6 2. Nc3 g6 3. f4 Bg7 4. Nf3 Nf6 5. d3 O-O 6. Be2 c5 7. O-O Nc6 8. Qe1
Rb8 9. Qh4 b5 10. Nd1 Nd4 11. Nxd4 cxd4 12. Nf2 Nd7 13. f5 e6 14. Bg5 f6 15.
fxg6 hxg6 16. Bh6 f5 17. Bg5 Qc7 18. Rac1 b4 19. Nh3 Ne5 20. exf5 exf5 21. Nf4
Qc6 22. Bf3 Nxf3+ 23. Rxf3 Kf7 24. Qh7 d5 25. Re1 Rb7 26. Re6 Bxe6 27. Qxg6+
Kg8 28. Rh3 Bd7 29. Qh7+ Kf7 30. Qh5+ Kg8 31. Qh7+ Kf7 32. Qh5+ 1/2-1/2

[Event "GBR-ch105 Seniors 50"]
[Site "Hull"]
[Date "2018.07.30"]
[Round "2"]
[White "Hodge, Steve R"]
[Black "Nelson, Jonathan P"]
[Result "1/2-1/2"]
[WhiteElo "2005"]
[BlackElo "2178"]
[PlyCount "66"]
[EventDate "2018.07.29"]
[EventType "swiss"]
[EventRounds "7"]
[EventCountry "GBR"]
[SourceTitle "CBM 185 Extra"]
[Source "ChessBase"]
[SourceDate "2018.06.29"]
[SourceVersion "1"]
[SourceVersionDate "2018.06.29"]
[SourceQuality "1"]

1. e4 d6 2. d4 Nf6 3. Nc3 e5 4. dxe5 dxe5 5. Qxd8+ Kxd8 6. Bg5 Be6 7. O-O-O+
Nbd7 8. g3 h6 9. Bxf6+ gxf6 10. f4 Bg4 11. Rd2 exf4 12. gxf4 Bb4 13. Be2 Bxc3
14. bxc3 Rg8 15. Nf3 Bxf3 16. Bxf3 Ke7 17. Rhd1 Nb6 18. Rg2 Rxg2 19. Bxg2 Rd8
20. Rxd8 Kxd8 21. Kd2 Ke7 22. Kd3 Kd6 23. Bf3 Nd7 24. Bh5 Nc5+ 25. Kd4 Ne6+ 26.
Ke3 Ke7 27. Bg4 c5 28. Kf3 Nc7 29. Ke3 Nb5 30. Kd3 b6 31. Kc4 Na3+ 32. Kb3 Nb1
33. Kc4 Na3+ 1/2-1/2

[Event "GBR-ch105 Seniors 50"]
[Site "Hull"]
[Date "2018.07.30"]
[Round "2"]
[White "Kenning, Paul H"]
[Black "Smith, Murray"]
[Result "0-1"]
[WhiteElo "1841"]
[BlackElo "2262"]
[PlyCount "50"]
[EventDate "2018.07.29"]
[EventType "swiss"]
[EventRounds "7"]
[EventCountry "GBR"]
[SourceTitle "CBM 185 Extra"]
[Source "ChessBase"]
[SourceDate "2018.06.29"]
[SourceVersion "1"]
[SourceVersionDate "2018.06.29"]
[SourceQuality "1"]

1. e4 c6 2. d4 d5 3. exd5 cxd5 4. c4 Nf6 5. Nc3 g6 6. Qb3 Bg7 7. Nf3 O-O 8. Be2
dxc4 9. Bxc4 Nc6 10. Qa4 Nd7 11. d5 Nb6 12. Qb5 a6 13. Qc5 Nb8 14. Bb3 N8d7 15.
Qa5 Nf6 16. O-O Nbxd5 17. Qxd8 Rxd8 18. Nxd5 Nxd5 19. Rd1 e6 20. Bf4 Bxb2 21.
Rab1 Bf6 22. Bg3 b5 23. a4 Nc3 24. Rxd8+ Bxd8 25. Rc1 Ne2+ 0-1

[Event "GBR-ch105 Seniors 50"]
[Site "Hull"]
[Date "2018.07.30"]
[Round "2"]
[White "Lewis, Andrew P"]
[Black "Wager, John D"]
[Result "1/2-1/2"]
[WhiteElo "2298"]
[BlackElo "2045"]
[PlyCount "117"]
[EventDate "2018.07.29"]
[EventType "swiss"]
[EventRounds "7"]
[EventCountry "GBR"]
[SourceTitle "CBM 185 Extra"]
[Source "ChessBase"]
[SourceDate "2018.06.29"]
[SourceVersion "1"]
[SourceVersionDate "2018.06.29"]
[SourceQuality "1"]

1. Nf3 d5 2. c4 d4 3. g3 g6 4. d3 Bg7 5. Bg2 e5 6. O-O Ne7 7. e3 O-O 8. exd4
exd4 9. b4 a5 10. b5 c5 11. Ng5 Ra7 12. Bf4 Nd7 13. b6 Qxb6 14. Na3 Ne5 15. Re1
N7c6 16. Nb5 Ra6 17. Ne4 Bf5 18. Rb1 Bxe4 19. Bxe4 Qd8 20. Bxc6 bxc6 21. Bxe5
cxb5 22. Rxb5 Rc6 23. Bf4 Re8 24. Rxe8+ Qxe8 25. Qf3 Bf8 26. Kg2 a4 27. Ra5 Rc8
28. Qb7 h6 29. h4 h5 30. Ra7 Rd8 31. Qc7 Rc8 32. Qb6 Ra8 33. Rb7 Rc8 34. Qa6
Ra8 35. Qf6 Bg7 36. Qd6 Bf8 37. Qf6 Bg7 38. Qb6 Bf8 39. Kf1 Rc8 40. Rc7 Ra8 41.
Rb7 Rc8 42. Qf6 Bg7 43. Qe7 Qxe7 44. Rxe7 Ra8 45. Ke2 Bf8 46. Rb7 Ra6 47. Rb8
Kg7 48. Be5+ Kg8 49. Kd2 f6 50. Bc7 Kf7 51. Rb7 Ke6 52. Rb6+ Rxb6 53. Bxb6 Bd6
54. Ke2 Kf5 55. Bd8 g5 56. hxg5 fxg5 57. Kf3 Bf8 58. Bc7 Be7 59. Kg2 1/2-1/2

[Event "GBR-ch105 Seniors 50"]
[Site "Hull"]
[Date "2018.07.30"]
[Round "2"]
[White "Mason, Donald"]
[Black "Brown, Alan M"]
[Result "1-0"]
[WhiteElo "2133"]
[BlackElo "1976"]
[PlyCount "119"]
[EventDate "2018.07.29"]
[EventType "swiss"]
[EventRounds "7"]
[EventCountry "GBR"]
[SourceTitle "CBM 185 Extra"]
[Source "ChessBase"]
[SourceDate "2018.06.29"]
[SourceVersion "1"]
[SourceVersionDate "2018.06.29"]
[SourceQuality "1"]

1. e4 e5 2. Nf3 Nc6 3. Bb5 a6 4. Ba4 Nf6 5. O-O Be7 6. Re1 b5 7. Bb3 d6 8. c3
O-O 9. h3 Na5 10. Bc2 c5 11. d4 Qc7 12. Nbd2 cxd4 13. cxd4 Nc6 14. d5 Nb4 15.
Bb1 a5 16. a3 Na6 17. b4 Bd7 18. Qb3 axb4 19. axb4 Nc5 20. bxc5 Rxa1 21. c6 Bc8
22. Ba3 Qa7 23. Re3 Ba6 24. Qb2 Rxb1+ 25. Qxb1 Ra8 26. Bb4 Ne8 27. Ra3 Bd8 28.
Nf1 Bb6 29. Ne3 Bc5 30. Rc3 Bxb4 31. Qxb4 Bc8 32. Rb3 g6 33. Qxb5 Qe7 34. Qb4
f5 35. Nc4 fxe4 36. Nfd2 Ra1+ 37. Rb1 Rxb1+ 38. Qxb1 Bf5 39. Qb8 Kf8 40. g4 e3
41. Nxe3 Bd3 42. Qb7 Nc7 43. Qb3 Ba6 44. Ne4 Ne8 45. Qa3 Be2 46. Ng3 Bb5 47.
Qb4 Bd3 48. Qc3 Ba6 49. Ne4 Be2 50. g5 Bf3 51. Nf6 Qc7 52. Nf5 Be2 53. Nd7+ Kf7
54. Ng3 Ba6 55. Qf3+ Ke7 56. Qf8+ Kd8 57. Ne4 Bc8 58. Nef6 Bxd7 59. Nxd7 Qa7
60. Nf6 1-0